000 01452nam a2200373 i 4500
001 000027339
003 DO-SdBNP
005 20250717074016.0
007 ta
008 110331s1986 dr a 000 0bspa d
040 _aDO-SdBNP
_bspa
_cBNPHU
_erda
041 _hspa
082 4 _a923.57293
_bG633i, 1986
_222
100 1 _aInfiesta, Ramón,
_eautor
_4aut.
_954418
245 1 0 _aMáximo Gómez /
_cRamón Infiesta.
250 _aSegunda edición
264 4 _aSanto Domingo :
_bBiblioteca Nacional Pedro Henríquez Ureña (BNPHU),
_c©1986.
300 _a364 páginas :
_bilustraciones, retratos ;
_c22 cm.
336 _atexto
_btxt
_2rdacontent
337 _asin mediación
_bn
_2rdamedia
338 _avolumen
_bnc
_2rdacarrier
490 0 _aColección Orfeo
500 _aIncluye referencias bibliográficas y notas al pie de las páginas
500 _aIncluye índice alfabético
500 _aA la cabeza del titulo : Academia de la Historia de Cuba
586 _aObra premiada en el Concurso Extraordinario del Centenario del Nacimiento de Máximo Gómez.
590 _aInventariado, MFF/2021
600 1 4 _aGómez, Máximo,
_d1836-1905
_912249
651 4 _aCuba
_xHistoria
_yGuerra de los diez años, 1868-1878
_911018
651 4 _aCuba
_xHistoria
_yGuerra de independencia, 1895-1898
_911019
710 2 _aBiblioteca Nacional Pedro Henríquez Ureña
_981292
910 _aValidado. Control de calidad MMOLINA
942 _2ddc
_cLBS1
999 _c26831
_d26831